Geology of the republic of Haiti /

Bibliographic Details
Main Author: Woodring, W. P. (Wendell Phillips), 1891-1983
Corporate Author: Haiti. Geological Survey
Other Authors: Brown, John S. (John Stafford), 1894-, Burbank, Wilbur S.
Format: Book
Language:English
Published: Port-au-Prince [Baltimore] : [The Lord Baltimore press], 1924.
Subjects:

MARC

Tag First Indicator Second Indicator Subfields
LEADER 00000cam a2200000 4500
001 in00000045041
005 20151007065205.0
008 730119s1924 ht b 00000 eng u
010 |a gs 24000114  
035 |a (OCoLC)00543376 
035 |9 AAE1476AM 
040 |c KSU  |d TXA  |d UtOrBLW 
049 |a TXAM  |c [467129] 
050 4 |a QE223  |b .W6 
090 |a QE223  |b .W6x 
092 |a 557.29  |b W893g, 1924 
100 1 |a Woodring, W. P.  |q (Wendell Phillips),  |d 1891-1983. 
245 1 0 |a Geology of the republic of Haiti /  |c by Wendell P. Woodring, John S. Brown and Wilbur S. Burbank. 
264 1 |a Port-au-Prince  |a [Baltimore] :  |b [The Lord Baltimore press],  |c 1924. 
300 |a 631 pages :  |b illustrations ;  |c 24 cm. 
336 |a text  |b txt  |2 rdacontent 
337 |a unmediated  |b n  |2 rdamedia 
338 |a volume  |b nc  |2 rdacarrier 
500 |a At head of title: Republic of Haiti. Department of public works. Geological survey of the Republic of Haiti. 
500 |a Two maps folded in pocket. 
504 |a Bibliography: pages 596-607. 
650 0 |a Geology  |z Haiti. 
700 1 |a Brown, John S.  |q (John Stafford),  |d 1894- 
700 1 |a Burbank, Wilbur S. 
710 1 |a Haiti.  |b Geological Survey. 
999 |a MARS 
999 f f |s 7fc66fa6-40ff-3faf-8ae7-315584e3031b  |i 399caefc-2326-3591-84c0-9b15d70a2abc  |t 0 
952 f f |p ric  |a Texas A&M University  |b Rellis Campus  |c Joint Library Facility  |d Remote Storage  |t 0  |e QE223 .W6  |h Library of Congress classification  |i unmediated -- volume  |m A14800962136 
998 f f |a QE223 .W6  |t 0  |l Remote Storage